000 00530nam a2200169 i 4500
001 149511
003 ES-MaACL
005 20230906203132.0
007 t|
008 071023s1952 sp ||||1| spa d
100 1 _aVarela de Seijas Aguilar, J.
_9113151
245 1 3 _aLa valoración clínica de los signos de las cardiopatías /
_cJ. Varela de Seijas Aguilar.
260 _aMadrid :
_bPaz Montalvo,
_c1952.
300 _a306 p. ;
_c25 cm.
650 4 _aCorazón-
_xEnfermedades.
_9144728
852 _aES-MaACL
_jD-8589
_bR.33308
999 _c149511
_d149511